Library of the University of Algiers 3
Ibrahim Sultan Cheibout
شعار جامعة الجزائر 3
مكتبة جامعة الجزائر 3
إبراهيم سلطان شيبوط

دليل مدير المبيعات الفعال : (رقم التسجيلة. 44420)

تفاصيل مارك
000 -LEADER
fixed length control field 01049nam a2200241Ia 4500
003 - CONTROL NUMBER IDENTIFIER
control field Ost
005 - DATE AND TIME OF LATEST TRANSACTION
control field 20260507075412.0
008 - FIXED-LENGTH DATA ELEMENTS--GENERAL INFORMATION
fixed length control field 260507s9999||||xx |||||||||||||| ||und||
020 ## - INTERNATIONAL STANDARD BOOK NUMBER
International Standard Book Number 1433204977
040 ## - CATALOGING SOURCE
Transcribing agency fsecg
041 ## - LANGUAGE CODE
Language code of text/sound track or separate title ara
082 ## - DEWEY DECIMAL CLASSIFICATION NUMBER
Classification number 600
100 ## - MAIN ENTRY--PERSONAL NAME
Personal name عبد الحميد، طلعت أسعد
Relator term مؤلف
245 #0 - TITLE STATEMENT
Title دليل مدير المبيعات الفعال :
Remainder of title كيف تدير عملياتك البيعية بكفاءة؟ /
Statement of responsibility, etc. طلعت أسعد عبد الحميد
260 ## - PUBLICATION, DISTRIBUTION, ETC.
Place of publication, distribution, etc. القاهرة:
Name of publisher, distributor, etc. دار الكتب المصرية,
Date of publication, distribution, etc. 2008
300 ## - PHYSICAL DESCRIPTION
Extent 282 صفحة؛
Other physical details إيضاحات ؛
Dimensions 25 سم
504 ## - BIBLIOGRAPHY, ETC. NOTE
Bibliography, etc. note المراجع ص.279
520 ## - SUMMARY, ETC.
Summary, etc. تعرف على المفاهيم الأولية في التسويق والترويج وصحح مهامك لتنجح، التعامل مع قوة العمل البيعية، الواجبات الإدارية لمدير المبيعات الفعال
653 ## - INDEX TERM--UNCONTROLLED
Uncontrolled term أدارة المبيعات
653 ## - INDEX TERM--UNCONTROLLED
Uncontrolled term التسويق
653 ## - INDEX TERM--UNCONTROLLED
Uncontrolled term المبيعات
942 ## - ADDED ENTRY ELEMENTS (KOHA)
Koha item type كتب
المقتنيات
Withdrawn status Lost status Source of classification or shelving scheme Damaged status Not for loan Home library Current library Date acquired Serial enumeration / chronology Inventory number Total checkouts Full call number Barcode Date last seen Price effective from Koha item type
    Dewey Decimal Classification   NOT LOAN / إعارة داخلية مكتبة كلية العلوم الإقتصادية والعلوم التجارية وعلوم التسيير مكتبة كلية العلوم الإقتصادية والعلوم التجارية وعلوم التسيير 07/05/2026 الطابق الأرضي 27162   أ/4487ن1 27162 07/05/2026 07/05/2026 كتب
    Dewey Decimal Classification   Available مكتبة كلية العلوم الإقتصادية والعلوم التجارية وعلوم التسيير مكتبة كلية العلوم الإقتصادية والعلوم التجارية وعلوم التسيير 07/05/2026 الطابق الأرضي 27163   أ/4487ن2 27163 07/05/2026 07/05/2026 كتب
    Dewey Decimal Classification   Available مكتبة كلية العلوم الإقتصادية والعلوم التجارية وعلوم التسيير مكتبة كلية العلوم الإقتصادية والعلوم التجارية وعلوم التسيير 07/05/2026 الطابق الثاني 27164   أ/4487ن3 27164 07/05/2026 07/05/2026 كتب

موارد الويب المفتوحة


© University of Algiers 3 All Rights Reserved
|
Implemented by LECHELAH Riad